| Tag |
First Indicator |
Second Indicator |
Subfields |
| LEADER |
00000cam a22000001a 4500 |
| 001 |
in00004100689 |
| 005 |
20200117091340.0 |
| 006 |
m d f |
| 007 |
cr bn mmmapmmp |
| 008 |
100712s2009 dcua o f000 0 eng d |
| 035 |
|
|
|a chdc201000645
|
| 040 |
|
|
|a UMI
|c UMI
|d UtOrBLW
|
| 042 |
|
|
|a pcc
|
| 043 |
|
|
|a n-us---
|
| 074 |
|
|
|a 1016-A
|
| 086 |
0 |
|
|a Y 4.G 74/7:111-36
|
| 088 |
|
|
|a Serial no. 111-36 (United States. Congress. House. Committee on Oversight and Government Reform)
|
| 110 |
1 |
|
|a United States.
|b Congress.
|b House.
|b Committee on Oversight and Government Reform.
|b Subcommittee on Federal Workforce, Postal Service, and the District of Columbia.
|0 http://id.loc.gov/authorities/names/no2007083721
|
| 245 |
1 |
0 |
|a Managing the Thrift Savings Plan to thrive :
|b hearing before the Subcommittee on Federal Workforce, Postal Service, and the District of Columbia of the Committee on Government Reform, House of Representatives, One Hundred Eleventh Congress, first session, November 3, 2009.
|
| 246 |
3 |
0 |
|a Thrift Savings Plan
|
| 264 |
|
1 |
|a Washington :
|b U.S. G.P.O.,
|c 2009.
|
| 264 |
|
2 |
|a Washington :
|b For sale by the Supt. of Docs., U.S. G.P.O.
|
| 300 |
|
|
|a iii, 107 pages :
|b illustrations, digital, PDF file.
|
| 336 |
|
|
|a text
|b txt
|2 rdacontent
|
| 337 |
|
|
|a computer
|b c
|2 rdamedia
|
| 338 |
|
|
|a online resource
|b cr
|2 rdacarrier
|
| 500 |
|
|
|a Shipping list number: 2010-0211-P.
|
| 500 |
|
|
|a "Serial number 111-36."
|
| 500 |
|
|
|a "54-697 PDF."
|
| 500 |
|
|
|a Record is based on bibliographic data in ProQuest Congressional Hearings Digital Collection. Reuse except for individual research requires license from ProQuest, LLC.
|
| 500 |
|
|
|a Electronic resource.
|
| 533 |
|
|
|a Electronic reproduction.
|b [Bethesda, Md.] :
|c ProQuest,
|d 2010.
|e digital, PDF file.
|n ProQuest U.S. Congressional Hearings Digital Collection.
|n Mode of access: World Wide Web via ProQuest website.
|
| 538 |
|
|
|a System requirements: PDF reader software.
|
| 610 |
1 |
0 |
|a United States.
|b Federal Retirement Thrift Investment Board
|x Management.
|
| 651 |
|
0 |
|a United States
|x Officials and employees
|x Retirement.
|0 http://id.loc.gov/authorities/subjects/sh2007100179
|
| 651 |
|
0 |
|a United States
|x Officials and employees
|x Pensions.
|0 http://id.loc.gov/authorities/subjects/sh85026412
|
| 776 |
0 |
8 |
|i Print version:
|a United States. Congress. House. Committee on Oversight and Government Reform. Subcommittee on Federal Workforce, Postal Service, and the District of Columbia.
|t Managing the Thrift Savings Plan to thrive
|w 9780160855924
|w 0160855926
|w (OCoLC)ocn636725116
|z 2010443018
|
| 776 |
0 |
8 |
|i Microfiche version:
|a United States. Congress. House. Committee on Oversight and Government Reform. Subcommittee on Federal Workforce, Postal Service, and the District of Columbia.
|t Managing the Thrift Savings Plan to thrive
|d [Bethesda, Md.] : ProQuest,[2010]
|o CIS 2010 H601-54
|w (ProQuest)cis01001198
|
| 856 |
4 |
0 |
|u http://proxy.library.tamu.edu/login?url=http://search.proquest.com/congcomp/getdoc?HEARING-ID=HRG-2009-CGR-0032
|y Electronic resource (PDF)
|t 0
|
| 998 |
|
|
|a cis01001198
|
| 999 |
f |
f |
|s 13f50018-075e-3a12-a1d4-7692ce4f2653
|i 34c28f16-ed3d-3130-834a-1926cb03ee64
|t 0
|
| 952 |
f |
f |
|a Texas A&M University
|b College Station
|c Electronic Resources
|d Available Online
|t 0
|e Y 4.G 74/7:111-36
|h Superintendent of Documents classification
|
| 998 |
f |
f |
|a Y 4.G 74/7:111-36
|t 0
|l Available Online
|